|
|
|
|
| LEADER |
00000nam0a2200000 4500 |
| 001 |
14722 |
| 005 |
20231030185812.0 |
| 010 |
|
|
|a 575630102X
|
| 010 |
|
|
|a 5-7038-1461-8
|
| 035 |
|
|
|a (RuTPU)RU\TPU\book\14820
|
| 035 |
|
|
|a BOOK00014888
|
| 090 |
|
|
|a 14722
|
| 100 |
|
|
|a 20011209d1999 k y0rusy50 ca
|
| 101 |
0 |
|
|a rus
|
| 102 |
|
|
|a RU
|
| 105 |
|
|
|a y z 000zy
|
| 200 |
1 |
|
|a Образовательная система России: высшая школа
|e Монография
|f Ю. Г. Татур
|
| 210 |
|
|
|a Москва
|c Изд-во МГТУ
|d 1999
|
| 215 |
|
|
|a 278 с.
|
| 610 |
1 |
|
|a образование
|
| 610 |
1 |
|
|a высшее образование
|
| 610 |
1 |
|
|a Россия
|
| 610 |
1 |
|
|a высшая школа
|
| 610 |
1 |
|
|a монографии
|
| 686 |
|
|
|a Ч48
|v LBC/SL-A
|2 rubbk
|
| 700 |
|
1 |
|a Татур
|b Ю. Г.
|g Юрий Геннадьевич
|
| 801 |
|
0 |
|a RU
|b 63413507
|c 20011209
|g PSBO
|
| 801 |
|
2 |
|a RU
|b 63413507
|c 20060911
|g PSBO
|
| 942 |
|
|
|c BK
|